Postcolonial Studies and beyond (Record no. 11834)

MARC details
000 -LEADER
fixed length control field 00310nam a2200133Ia 4500
082 ## - DEWEY DECIMAL CLASSIFICATION NUMBER
Classification number 325.3 POS
100 ## - MAIN ENTRY--AUTHOR NAME
Personal name NULL
245 #0 - TITLE STATEMENT
Title Postcolonial Studies and beyond
250 ## - EDITION STATEMENT
Edition statement NULL
260 ## - PUBLICATION, DISTRIBUTION, ETC. (IMPRINT)
Name of publisher Permanent Black
Place of publication Delhi
Year of publication 2008
300 ## - PHYSICAL DESCRIPTION
Number of Pages 499
942 ## - ADDED ENTRY ELEMENTS (KOHA)
Koha item type
Holdings
Withdrawn status Lost status Collection code Home library Current library Department Date acquired Source of acquisition Cost, normal purchase price Full call number Accession Number Koha item type
    General Books Main Library Main Library   13/09/2024 ,Supplier-Current Books 395.00 325.3 POS 11955 Books